00593 a2200181 450000100060000002000180000604000220002410000190004624000390006524500280010430000070013236200090013965000210014894200070016995201090017695201090028599900170039468089 a9783126765398 cAnchieta - Pituba aMotta, Giorgio10aDeutsch echt einfach A2ldeu / ger10aDeutsch echt einfach A2 a480 a2017 4aLíngua alemã cBK 00104070a91.1b91.1d2023-11-21l0o430 M921d MOT DEUp23424/PITr2023-11-21 18:36:08w2023-11-21yBK 00104070a91.1b91.1d2023-11-21l0o430 M921d MOT DEUp23425/PITr2023-11-21 18:36:08w2023-11-21yBK c68089d68089